My heart lies south : (Record no. 17747)
[ view plain ]
| 000 -CABECERA | |
|---|---|
| campo de control de longitud fija | 00672cam a2200205 a 4500 |
| 001 - NÚMERO DE CONTROL | |
| campo de control | 000018226 |
| 005 - FECHA Y HORA DE LA ÚLTIMA TRANSACCIÓN | |
| campo de control | 20200929165417.0 |
| 008 - DATOS DE LONGITUD FIJA--INFORMACIÓN GENERAL | |
| campo de control de longitud fija | 750313s1953 nyua 000 f eng d |
| 040 ## - FUENTE DE LA CATALOGACIÓN | |
| Centro catalogador/agencia de origen | DO-SdBNP |
| Centro/agencia transcriptor | TxDW |
| Centro/agencia modificador | OCoLC |
| -- | DLC |
| -- | BNPHU |
| 043 ## - CÓDIGO DE ÁREA GEOGRÁFICA | |
| Código de área geográfica | n-mx--- |
| 082 ## - NÚMERO DE LA CLASIFICACIÓN DECIMAL DEWEY | |
| Número de clasificación | nnnn |
| Número de documento/Ítem | B739m |
| 049 ## - FONDOS LOCALES (OCLC) | |
| Fondos de biblioteca | BNGR |
| 082 ## - NÚMERO DE LA CLASIFICACIÓN DECIMAL DEWEY | |
| Número de clasificación | 917.2 |
| 100 1# - ENTRADA PRINCIPAL--NOMBRE DE PERSONA | |
| Nombre de persona | Borton de Treviño, Elizabeth, |
| Fechas asociadas al nombre | 1904-2001 |
| 9 (RLIN) | 39467 |
| 245 10 - MENCIÓN DE TÍTULO | |
| Título | My heart lies south : |
| Resto del título | the story of my Mexican marriage / |
| Mención de responsabilidad, etc. | Elizabeth Borton de Treviño. |
| 260 ## - PUBLICACIÓN, DISTRIBUCIÓN, ETC. | |
| Lugar de publicación, distribución, etc. | New York, : |
| Nombre del editor, distribuidor, etc. | Thomas Y. Crowell, |
| Fecha de publicación, distribución, etc. | 1953. |
| 300 ## - DESCRIPCIÓN FÍSICA | |
| Extensión | 248 p. : |
| Otras características físicas | illus. ; |
| Dimensiones | 21 cm. |
| 651 #0 - PUNTO DE ACCESO ADICIONAL DE MATERIA--NOMBRE GEOGRÁFICO | |
| Nombre geográfico | Mexico |
| Subdivisión general | Social Life And Customs. |
| 9 (RLIN) | 39468 |
| 910 ## - DATOS DE OPCIÓN DEL USUARIO (OCLC) | |
| Datos de opción del usuario | Catalogación derivada / LC |
| Estado de retiro | Estado de pérdida | Restricciones de uso | No para préstamo | Código de colección | Localización permanente | Ubicación/localización actual | Ubicación en estantería | Fecha de adquisición | Número de inventario | Total de préstamos | Signatura topográfica completa | Código de barras | Fecha visto por última vez | Precio válido a partir de | Tipo de ítem Koha |
|---|---|---|---|---|---|---|---|---|---|---|---|---|---|---|---|
| Monografías: Libros y Folletos | General | General | En catalogación | 21.04.2010 | LF1 | nnnn 917.2 B739m | 18226-10 | 25.06.2020 | 25.06.2020 | Préstamo en sala |
